[Event "AUT-ch U18 Girls"]
[Site "St Veit"]
[Date "2021.10.29"]
[Round "7.2"]
[White "Zhbanova, Angelina"]
[Black "Jeitler, Selina"]
[Result "1-0"]
[WhiteElo "1528"]
[BlackElo "1247"]
[PlyCount "101"]
[EventDate "2021.10.25"]
[EventType "swiss"]
[EventRounds "7"]
[EventCountry "AUT"]
[SourceTitle "EXT 2023"]
[Source "ChessBase"]
[SourceDate "2022.10.05"]
[SourceVersion "1"]
[SourceVersionDate "2022.10.05"]
[SourceQuality "1"]

1. e4 e5 2. Nf3 Nc6 3. Bc4 Bc5 4. c3 a6 5. Bb3 Nf6 6. d3 d6 7. h3 Ba7 8. Nbd2 Ne7 9. Nf1 h6 10. Be3 Ng6 11. Qd2 Be6 12. Ng3 c6 13. Bc2 d5 14. Bxa7 Rxa7 15. Qe3 Qb8 16. Nf5 Kf8 17. 0-0-0 b5 18. Qc5+ Kg8 19. Qxc6 Bxf5 20. exf5 Ne7 21. Qc5 Nxf5 22. g4 Ne7 23. Nxe5 Rc7 24. Qe3 b4 25. d4 bxc3 26. bxc3 Ne4 27. Bxe4 dxe4 28. d5 Qb4 29. Kd2 Qb2+ 30. Ke1 f6 31. Nc6 Nxc6 32. dxc6 Qc2 33. Qc5 Qxa2 34. c4 e3 35. fxe3 Qc2 36. Qd5+ Kh7 37. Rd2 Qg6 38. Qf3 Rhc8 39. Rd6 Qb1+ 40. Kf2 Qc2+ 41. Qe2 Qxe2+ 42. Kxe2 Rxc6 43. Rxc6 Rxc6 44. Kd3 Kg8 45. Kd4 Kf7 46. Kd5 Rc8 47. c5 Ke7 48. Ra1 Ra8 49. Kc6 Kd8 50. Kb7 Rc8 51. Rd1+ 1-0

[Event "AUT-ch U18 Girls"]
[Site "St Veit"]
[Date "2021.10.28"]
[Round "6.2"]
[White "Vicze, Zsofia"]
[Black "Zhbanova, Angelina"]
[Result "1/2-1/2"]
[WhiteElo "1826"]
[BlackElo "1528"]
[PlyCount "99"]
[EventDate "2021.10.25"]
[EventType "swiss"]
[EventRounds "7"]
[EventCountry "AUT"]
[SourceTitle "EXT 2023"]
[Source "ChessBase"]
[SourceDate "2022.10.05"]
[SourceVersion "1"]
[SourceVersionDate "2022.10.05"]
[SourceQuality "1"]

1. e4 c5 2. c4 d6 3. Nc3 Nf6 4. Nge2 g6 5. d4 cxd4 6. Nxd4 Bg7 7. Be2 Nc6 8. Be3 0-0 9. 0-0 a6 10. Rc1 Bd7 11. b3 Rc8 12. Qd2 Re8 13. h3 Qa5 14. Rfd1 Nxd4 15. Bxd4 b5 16. cxb5 axb5 17. f3 b4 18. Nb1 Ra8 19. Rc2 Rec8 20. Rdc1 Be6 21. Qd1 Bh6 22. Nd2 Nh5 23. Bf1 Nf4 24. Kh1 Rxc2 25. Rxc2 Qg5 26. Nc4 Nh5 27. Be3 Ng3+ 28. Kg1 Qh5 29. Bxh6 Qxh6 30. Qe1 Nxf1 31. Kxf1 Rb8 32. Na5 Qg5 33. Nc6 Rb7 34. Nd8 Qb5+ 35. Qe2 Qxe2+ 36. Kxe2 Ra7 37. Nxe6 fxe6 38. Ke3 Kf7 39. f4 Kf6 40. g3 e5 41. Kf3 exf4 42. gxf4 Ra5 43. Rc4 Rxa2 44. Rxb4 Rb2 45. Rb6 Rb1 46. b4 Rf1+ 47. Kg3 Re1 48. Kf3 Rf1+ 49. Kg3 Re1 50. Kf3 1/2-1/2

[Event "AUT-ch U14 Girls"]
[Site "St Veit"]
[Date "2017.06.06"]
[Round "7.1"]
[White "Moerwald, Magdalena"]
[Black "Zhbanova, Angelina"]
[Result "1-0"]
[WhiteElo "1798"]
[BlackElo "1582"]
[PlyCount "73"]
[EventDate "2017.06.03"]
[EventType "swiss"]
[EventRounds "7"]
[EventCountry "AUT"]
[SourceTitle "EXT 2024"]
[Source "ChessBase"]
[SourceDate "2023.10.10"]
[SourceVersion "1"]
[SourceVersionDate "2023.10.10"]
[SourceQuality "1"]

1. e4 c5 2. Nf3 Nc6 3. Bb5 g6 4. Bxc6 dxc6 5. h3 Bg7 6. d3 Nf6 7. Nc3 0-0 8. Be3 Nd7 9. Qd2 b5 10. Bh6 e5 11. Bxg7 Kxg7 12. h4 f5 13. exf5 gxf5 14. Ng5 Qf6 15. 0-0-0 h6 16. Nf3 a5 17. h5 Bb7 18. Rdg1 Kh7 19. Rh3 Rg8 20. Kb1 Rg4 21. g3 Rag8 22. Nh2 R4g7 23. f3 Qd6 24. g4 Nf6 25. Qe2 Qd4 26. Re1 fxg4 27. fxg4 Nxg4 28. Rh4 Qe3 29. Nxg4 Qf4 30. Rf1 Qg5 31. Nf6+ Kh8 32. Rg4 Qxf6 33. Rxf6 Rxg4 34. Rxh6+ Kg7 35. Qxg4+ Kxh6 36. Qxg8 Kxh5 37. Qf7+ 1-0

[Event "AUT-ch U14 Girls"]
[Site "St Veit"]
[Date "2017.06.05"]
[Round "5.4"]
[White "Zhbanova, Angelina"]
[Black "Hiebner, Carina"]
[Result "1-0"]
[WhiteElo "1582"]
[BlackElo "936"]
[PlyCount "121"]
[EventDate "2017.06.03"]
[EventType "swiss"]
[EventRounds "7"]
[EventCountry "AUT"]
[SourceTitle "EXT 2024"]
[Source "ChessBase"]
[SourceDate "2023.10.10"]
[SourceVersion "1"]
[SourceVersionDate "2023.10.10"]
[SourceQuality "1"]

1. e4 c5 2. Nf3 e6 3. d4 cxd4 4. Nxd4 Nc6 5. Nc3 a6 6. Be2 Qc7 7. Be3 Nf6 8. f4 Bb4 9. Bd3 d6 10. 0-0 Bxc3 11. bxc3 d5 12. e5 Nd7 13. Rb1 b6 14. Nb3 Bb7 15. Qd2 a5 16. Nd4 Ba6 17. Bxa6 Rxa6 18. Nb5 Qb8 19. Nd6+ Ke7 20. Qe2 Ra8 21. Qh5 Qf8 22. Bxb6 f6 23. Qh4 h6 24. Bc7 g5 25. Qh5 f5 26. Nb7 Qf7 27. Qxf7+ Kxf7 28. g3 g4 29. Bd6 h5 30. Nc5 Nxc5 31. Bxc5 Rag8 32. Rb7+ Kg6 33. Rc7 Rc8 34. Rb7 Nd8 35. Rb5 Nc6 36. a4 Rh7 37. Rfb1 Rhh8 38. R1b2 Rhd8 39. Bd4 Rh8 40. Rc5 Rh7 41. Rb6 Rhc7 42. Rbb5 Rh7 43. Rxa5 Rhc7 44. Rab5 Na7 45. Rxc7 Rxc7 46. Bxa7 Rxa7 47. a5 Kf7 48. Kf2 Ke7 49. Ke3 Kd7 50. Kd4 Kc7 51. c4 dxc4 52. Kxc4 Ra6 53. Kb4 Rc6 54. Rc5 Kd7 55. Rxc6 Kxc6 56. c4 Kb7 57. Kb5 Ka7 58. c5 Kb7 59. a6+ Ka7 60. c6 Ka8 61. c7 1-0

[Event "AUT-ch U14 Girls"]
[Site "St Veit"]
[Date "2017.06.03"]
[Round "2.3"]
[White "Rigler, Caroline"]
[Black "Zhbanova, Angelina"]
[Result "1-0"]
[WhiteElo "1492"]
[BlackElo "1582"]
[PlyCount "41"]
[EventDate "2017.06.03"]
[EventType "swiss"]
[EventRounds "7"]
[EventCountry "AUT"]
[SourceTitle "EXT 2024"]
[Source "ChessBase"]
[SourceDate "2023.10.10"]
[SourceVersion "1"]
[SourceVersionDate "2023.10.10"]
[SourceQuality "1"]

1. e4 c5 2. c3 Nc6 3. d4 cxd4 4. cxd4 e6 5. Nf3 d5 6. exd5 exd5 7. Bd3 Nf6 8. 0-0 Bg4 9. Re1+ Be7 10. Bb5 0-0 11. Bxc6 bxc6 12. Nc3 Bb4 13. Bg5 Qd6 14. Qd3 Ne4 15. Nxe4 dxe4 16. Qxe4 Bxf3 17. gxf3 Rfe8 18. Qxe8+ Rxe8 19. Rxe8+ Qf8 20. Rxf8+ Kxf8 21. Rc1 1-0

[Event "AUT-ch U16/U18 Girls"]
[Site "St Veit"]
[Date "2017.04.12"]
[Round "6"]
[White "Stallinger, Vanessa"]
[Black "Zhbanova, Angelina"]
[Result "1-0"]
[WhiteElo "1822"]
[BlackElo "1588"]
[PlyCount "59"]
[EventDate "2017.04.09"]
[EventType "swiss"]
[EventRounds "7"]
[EventCountry "AUT"]
[SourceTitle "CBM 178 Extra"]
[Source "ChessBase"]
[SourceDate "2017.06.22"]
[SourceVersion "1"]
[SourceVersionDate "2017.06.22"]
[SourceQuality "1"]

1. e4 c5 2. Nf3 d6 3. d4 cxd4 4. Nxd4 Nf6 5. Nc3 g6 6. Be3 Bg7 7. f3 0-0 8. Bc4 Nc6 9. Qd2 Bd7 10. 0-0-0 Ne5 11. Bb3 Rc8 12. Kb1 h5 13. h3 a6 14. g4 Nc4 15. Bxc4 Rxc4 16. Nd5 Nxd5 17. exd5 h4 18. b3 Rc8 19. Bh6 e6 20. Bxg7 Kxg7 21. dxe6 fxe6 22. Rhe1 e5 23. Ne2 Rc6 24. f4 exf4 25. Nxf4 Qf6 26. Nd5 Qd8 27. Qd4+ Kh6 28. Re7 Re8 29. Qf4+ g5 30. Qf6# 1-0

[Event "EU-ch U14 Girls 26th"]
[Site "Prague"]
[Date "2016.08.26"]
[Round "8"]
[White "Zhbanova, Angelina"]
[Black "Pribylova, Sofie"]
[Result "0-1"]
[WhiteElo "1465"]
[BlackElo "1864"]
[PlyCount "84"]
[EventDate "2016.08.18"]
[EventType "swiss"]
[EventRounds "9"]
[EventCountry "CZE"]
[SourceTitle "CBM 174 Extra"]
[Source "ChessBase"]
[SourceDate "2016.10.10"]
[SourceVersion "1"]
[SourceVersionDate "2016.10.10"]
[SourceQuality "1"]

1. e4 c5 2. Nf3 d6 3. d4 cxd4 4. Nxd4 Nf6 5. Nc3 a6 6. Bg5 Nbd7 7. Qe2 Qc7 8. 0-0-0 e6 9. f4 Be7 10. g4 b5 11. Bg2 Bb7 12. Rhe1 Rc8 13. Bxf6 gxf6 14. Nf5 exf5 15. exf5 Nb6 16. Bxb7 Qxb7 17. g5 Kf8 18. Qh5 h6 19. Rg1 b4 20. g6 Ke8 21. gxf7+ Kd7 22. Rg7 bxc3 23. Qe2 cxb2+ 24. Kb1 Rcf8 25. Qe6+ Kd8 26. Rdg1 Nd5 27. Qe1 Qb4 28. Qxb4 Nxb4 29. Rg8 Kd7 30. R1g7 Rxf7 31. Rxh8 Rxg7 32. Rxh6 Rg1+ 33. Kxb2 Rg2 34. h4 Nxc2 35. Kc3 Ne3 36. h5 Nxf5 37. Rh7 Rxa2 38. h6 Rh2 39. Rh8 Nxh6 40. Ra8 Rf2 41. Rxa6 Rxf4 42. Ra7+ Ke6 0-1

[Event "EU-ch U14 Girls 26th"]
[Site "Prague"]
[Date "2016.08.19"]
[Round "2"]
[White "Rudzinska, Michalina"]
[Black "Zhbanova, Angelina"]
[Result "1-0"]
[WhiteElo "1896"]
[BlackElo "1465"]
[PlyCount "89"]
[EventDate "2016.08.18"]
[EventType "swiss"]
[EventRounds "9"]
[EventCountry "CZE"]
[SourceTitle "CBM 174 Extra"]
[Source "ChessBase"]
[SourceDate "2016.10.10"]
[SourceVersion "1"]
[SourceVersionDate "2016.10.10"]
[SourceQuality "1"]

1. e4 c5 2. Nf3 d6 3. d4 cxd4 4. Nxd4 Nf6 5. Nc3 g6 6. Be3 Bg7 7. f3 0-0 8. Bc4 Nc6 9. Qd2 Bd7 10. 0-0-0 Rc8 11. Bb3 Ne5 12. Kb1 Re8 13. g4 Qa5 14. h4 h5 15. gxh5 Nxh5 16. Bh6 Nc4 17. Bxc4 Rxc4 18. Bxg7 Kxg7 19. Rdg1 Rec8 20. Rg5 Qb4 21. Nb3 Rh8 22. f4 f6 23. Rg2 Rxe4 24. a3 Qc4 25. Nxe4 Qxe4 26. Re1 Qc6 27. Nd4 Qc8 28. Rxe7+ Kf8 29. Re1 Kf7 30. Rge2 Re8 31. Rxe8 Bxe8 32. Qe3 Qd7 33. f5 gxf5 34. Qb3+ d5 35. Qf3 Ng7 36. h5 f4 37. h6 Nf5 38. Qh5+ Kf8 39. Qxf5 Qxf5 40. Nxf5 Bg6 41. Nh4 Bh7 42. Rf1 Kf7 43. Rxf4 Ke6 44. Rg4 Kf7 45. Rg7+ 1-0

[Event "EU-ch U14 Girls 26th"]
[Site "Prague"]
[Date "2016.08.18"]
[Round "1"]
[White "Zhbanova, Angelina"]
[Black "Granovskaya, Ekaterina"]
[Result "1-0"]
[WhiteElo "1465"]
[BlackElo "1805"]
[PlyCount "43"]
[EventDate "2016.08.18"]
[EventType "swiss"]
[EventRounds "9"]
[EventCountry "CZE"]
[SourceTitle "CBM 174 Extra"]
[Source "ChessBase"]
[SourceDate "2016.10.10"]
[SourceVersion "1"]
[SourceVersionDate "2016.10.10"]
[SourceQuality "1"]

1. e4 e5 2. Nf3 Nc6 3. Bc4 Bc5 4. c3 Nf6 5. d3 0-0 6. Bb3 a6 7. Nbd2 Ba7 8. 0-0 d5 9. Qe2 Re8 10. h3 d4 11. Rd1 Na5 12. Bc2 c5 13. Nc4 Nc6 14. Ncd2 Qc7 15. Nf1 Ne7 16. Bb3 h6 17. Nh4 g5 18. Qf3 Kg7 19. Ng3 gxh4 20. Nh5+ Nxh5 21. Qxf7+ Kh8 22. Qxe8+ 1-0

[Event "AUT-ch U14 Girls"]
[Site "St Veit"]
[Date "2016.05.16"]
[Round "6"]
[White "Moerwald, Magdalena"]
[Black "Zhbanova, Angelina"]
[Result "1/2-1/2"]
[WhiteElo "1624"]
[BlackElo "1465"]
[PlyCount "79"]
[EventDate "2016.05.14"]
[EventType "swiss"]
[EventRounds "7"]
[EventCountry "AUT"]
[SourceTitle "CBM 172 Extra"]
[Source "ChessBase"]
[SourceDate "2016.06.21"]
[SourceVersion "1"]
[SourceVersionDate "2016.06.21"]
[SourceQuality "1"]

1. e4 c5 2. Nf3 d6 3. Bb5+ Bd7 4. Bxd7+ Qxd7 5. c4 Nc6 6. 0-0 Nf6 7. d3 g6 8. Nc3 Bg7 9. Bf4 Nh5 10. Be3 0-0 11. Qd2 e5 12. Bh6 f5 13. Bxg7 Kxg7 14. Nd5 f4 15. h3 Nd4 16. Qd1 Rac8 17. Nxd4 cxd4 18. Qg4 Qxg4 19. hxg4 Nf6 20. Nxf6 Kxf6 21. f3 h5 22. gxh5 gxh5 23. Kf2 Rg8 24. Rh1 Rg5 25. b3 b5 26. Rac1 bxc4 27. bxc4 Rb8 28. Rb1 Rb6 29. Rxb6 axb6 30. Rb1 Ke7 31. Rxb6 Rg8 32. a4 Ra8 33. Rb4 Kd7 34. Ke2 Kc6 35. Kf2 Kc5 36. Rb5+ Kc6 37. a5 Ra7 38. Kg1 Rb7 39. a6 Ra7 40. Ra5 1/2-1/2

[Event "AUT-ch U16/18 Girls"]
[Site "St Veit"]
[Date "2016.03.20"]
[Round "1"]
[White "Zhbanova, Angelina"]
[Black "Wu, Min"]
[Result "0-1"]
[WhiteElo "1423"]
[BlackElo "1824"]
[PlyCount "92"]
[EventDate "2016.03.20"]
[EventType "swiss"]
[EventRounds "7"]
[EventCountry "AUT"]
[SourceTitle "CBM 171 Extra"]
[Source "ChessBase"]
[SourceDate "2016.04.26"]
[SourceVersion "1"]
[SourceVersionDate "2016.04.26"]
[SourceQuality "1"]

1. e4 d6 2. d4 Nf6 3. Nc3 Nbd7 4. Be3 e5 5. d5 Be7 6. Nge2 c6 7. Ng3 Nb6 8. Be2 0-0 9. 0-0 Bd7 10. h4 cxd5 11. exd5 Ne8 12. Bd3 f5 13. Nh5 g6 14. Bh6 Rf7 15. Ng3 Bxh4 16. Bd2 Rc8 17. Qe2 a6 18. b3 e4 19. Bc4 Bf6 20. Rad1 Nxc4 21. bxc4 Qc7 22. Rb1 Qxc4 23. Qxc4 Rxc4 24. Nge2 b5 25. a3 Be5 26. Rb4 Rxb4 27. axb4 Bc8 28. Nf4 Rc7 29. Nce2 Rxc2 30. Rc1 Rxd2 31. Rxc8 Kf7 32. Ra8 g5 33. Ra7+ Kg8 34. Ng3 Bxf4 35. Nf1 Rb2 36. Rxa6 Rxb4 37. g3 Be5 38. Ne3 Ng7 39. Ra8+ Kf7 40. Ra7+ Kg6 41. g4 f4 42. Nf5 Nxf5 43. gxf5+ Kxf5 44. Rxh7 Rb1+ 45. Kg2 f3+ 46. Kh3 Rh1# 0-1

[Event "AUT-ch U12 Girls"]
[Site "Woerth"]
[Date "2015.05.23"]
[Round "2.2"]
[White "Zhbanova, Angelina"]
[Black "Nussbaumer, Alexa"]
[Result "1-0"]
[WhiteElo "1430"]
[BlackElo "1195"]
[PlyCount "93"]
[EventDate "2015.05.23"]
[EventType "swiss"]
[EventRounds "7"]
[EventCountry "AUT"]
[SourceTitle "EXT 2024"]
[Source "ChessBase"]
[SourceDate "2023.10.10"]
[SourceVersion "1"]
[SourceVersionDate "2023.10.10"]
[SourceQuality "1"]

1. e4 e5 2. Nf3 Nc6 3. Bc4 Nf6 4. d3 Bc5 5. c3 d6 6. Bb3 0-0 7. 0-0 h6 8. Nbd2 d5 9. exd5 Nxd5 10. Ne4 Bb6 11. Re1 Re8 12. Ng3 Qd6 13. d4 Bg4 14. dxe5 Bxf3 15. Qxf3 Rxe5 16. Rxe5 Qxe5 17. Bxd5 Rf8 18. Bd2 Qf6 19. Qxf6 gxf6 20. Bxh6 Rd8 21. Bb3 Ne5 22. Rd1 Rxd1+ 23. Bxd1 Nd3 24. Be3 Bxe3 25. fxe3 Nxb2 26. Bb3 a5 27. Ne4 b5 28. Nxf6+ Kg7 29. Nh5+ Kg6 30. Nf4+ Kg7 31. h4 c5 32. g4 a4 33. Bc2 b4 34. cxb4 cxb4 35. Nd3 Nxd3 36. Bxd3 f6 37. Kg2 Kf7 38. g5 fxg5 39. hxg5 Ke6 40. Kf3 Ke5 41. Bc2 a3 42. Kg4 Ke6 43. Kh5 Kf7 44. Kh6 Kg8 45. g6 Kh8 46. g7+ Kg8 47. Bb3# 1-0

[Event "AUT-ch U16/U18 Girls"]
[Site "St Veit"]
[Date "2015.03.30"]
[Round "3.7"]
[White "Tscharnuter, Alexandra"]
[Black "Zhbanova, Angelina"]
[Result "1-0"]
[WhiteElo "1535"]
[BlackElo "1433"]
[PlyCount "143"]
[EventDate "2015.03.29"]
[EventType "swiss"]
[EventRounds "7"]
[EventCountry "AUT"]
[SourceTitle "EXT 2024"]
[Source "ChessBase"]
[SourceDate "2023.10.10"]
[SourceVersion "1"]
[SourceVersionDate "2023.10.10"]
[SourceQuality "1"]

1. e4 c5 2. c3 d5 3. exd5 Qxd5 4. d4 Nc6 5. Be3 cxd4 6. cxd4 Nf6 7. Nc3 Qd6 8. Nf3 e6 9. Bc4 Ne7 10. 0-0 g6 11. Qd2 Nf5 12. Nb5 Qd8 13. Bf4 Nd6 14. Nxd6+ Bxd6 15. Bh6 a6 16. a4 Rg8 17. Rfe1 Qe7 18. Qg5 Nd7 19. Qe3 Nb6 20. Bb3 Nd5 21. Bxd5 exd5 22. Qg5 Be6 23. Qe3 Kd7 24. Bf4 Rge8 25. Bxd6 Qxd6 26. Ne5+ Kd8 27. Qb3 Rb8 28. Rac1 f6 29. Nf3 Bf7 30. Rxe8+ Kxe8 31. Re1+ Kf8 32. Qc3 Qc6 33. Qc5+ Qxc5 34. dxc5 Re8 35. Kf1 Re4 36. Rxe4 dxe4 37. Nd2 f5 38. b4 Ke7 39. Ke2 Kd7 40. Ke3 Kc6 41. Kd4 Be8 42. Nc4 Kc7 43. Nb6 Bc6 44. g3 g5 45. Ke5 e3 46. fxe3 Be4 47. Nc4 g4 48. Nd6 Bf3 49. Nxf5 Kd7 50. Nd6 Kc6 51. Nc4 Kd7 52. e4 Be2 53. Nb6+ Kc6 54. Ke6 a5 55. bxa5 Kxc5 56. e5 Kb4 57. Kd7 Kxa5 58. Kc7 Bf3 59. e6 Be4 60. e7 Bg6 61. Kxb7 Kb4 62. Kc7 Ka5 63. Kc6 Be8+ 64. Kc5 Ka6 65. Nc4 Bxa4 66. Nd6 Ka7 67. e8Q Bxe8 68. Nxe8 Kb7 69. Kd6 Kb6 70. Nf6 h6 71. Nxg4 h5 72. Nf6 1-0

[Event "AUT-ch U16/U18 Girls"]
[Site "St Veit"]
[Date "2015.03.29"]
[Round "1.7"]
[White "Busuioc, Alexandra"]
[Black "Zhbanova, Angelina"]
[Result "1-0"]
[WhiteElo "1766"]
[BlackElo "1433"]
[PlyCount "47"]
[EventDate "2015.03.29"]
[EventType "swiss"]
[EventRounds "7"]
[EventCountry "AUT"]
[SourceTitle "EXT 2024"]
[Source "ChessBase"]
[SourceDate "2023.10.10"]
[SourceVersion "1"]
[SourceVersionDate "2023.10.10"]
[SourceQuality "1"]

1. e4 c5 2. Nf3 d6 3. d4 cxd4 4. Nxd4 Nf6 5. Nc3 g6 6. Be3 Bg7 7. f3 0-0 8. Qd2 Nc6 9. Bc4 Bd7 10. 0-0-0 Qa5 11. Bb3 Ne5 12. Bh6 Rac8 13. Bxg7 Kxg7 14. g4 a6 15. h4 h5 16. gxh5 Nxh5 17. Rhg1 Nc6 18. Rg5 e5 19. Nxc6 Rxc6 20. Rxh5 gxh5 21. Qg5+ Kh8 22. Qxh5+ Kg7 23. Rg1+ Kf6 24. Qg5# 1-0

[Event "AUT-ch U12 Girls"]
[Site "Woerth"]
[Date "2014.06.08"]
[Round "4"]
[White "Lauda, Victoria"]
[Black "Zhbanova, Angelina"]
[Result "0-1"]
[WhiteElo "971"]
[BlackElo "1423"]
[PlyCount "62"]
[EventDate "2014.06.07"]
[EventType "swiss"]
[EventRounds "7"]
[EventCountry "AUT"]
[SourceTitle "EXT 2016"]
[Source "ChessBase"]
[SourceDate "2015.10.08"]
[SourceVersion "1"]
[SourceVersionDate "2015.10.08"]
[SourceQuality "1"]

1. e4 c5 2. d4 cxd4 3. c3 dxc3 4. Nxc3 Nc6 5. Nf3 d6 6. Bc4 a6 7. 0-0 e6 8. Qe2 b5 9. Bb3 Nf6 10. Rd1 Qc7 11. e5 dxe5 12. Bg5 Be7 13. Rac1 Bb7 14. Nxe5 Qxe5 15. Qxe5 Nxe5 16. a4 0-0 17. axb5 axb5 18. Nxb5 Rac8 19. Rxc8 Rxc8 20. h3 Bf3 21. Nd6 Rb8 22. Rc1 Bxd6 23. Bf4 Nd5 24. Bxd5 Bxd5 25. Be3 Nd3 26. Rc3 Nxb2 27. Ba7 Ra8 28. g3 Rxa7 29. Rc8+ Bf8 30. Rb8 Ra1+ 31. Kh2 Rh1# 0-1

[Event "AUT-ch U12 Girls"]
[Site "Woerth"]
[Date "2014.06.07"]
[Round "2"]
[White "Moerwald, Miriam"]
[Black "Zhbanova, Angelina"]
[Result "1-0"]
[WhiteElo "1349"]
[BlackElo "1423"]
[PlyCount "79"]
[EventDate "2014.06.07"]
[EventType "swiss"]
[EventRounds "7"]
[EventCountry "AUT"]
[SourceTitle "EXT 2016"]
[Source "ChessBase"]
[SourceDate "2015.10.08"]
[SourceVersion "1"]
[SourceVersionDate "2015.10.08"]
[SourceQuality "1"]

1. e4 c5 2. Nf3 d6 3. d4 cxd4 4. Qxd4 Nc6 5. Bb5 Bd7 6. Bxc6 Bxc6 7. Nc3 e5 8. Qd3 Nf6 9. Bg5 h6 10. Be3 Qa5 11. Bd2 Qc7 12. 0-0-0 0-0-0 13. Be1 d5 14. exd5 e4 15. Nxe4 Rxd5 16. Nd4 Qf4+ 17. Kb1 Nxe4 18. Qh3+ Bd7 19. Qf3 Qxf3 20. gxf3 Ng5 21. f4 Bg4 22. Rd3 Nh3 23. Rc3+ Kd7 24. Nb3 Bf3 25. Rxf3 Rd1+ 26. Nc1 Bd6 27. Rxh3 Bxf4 28. Rd3+ Rxd3 29. Nxd3 Bd6 30. Bb4 Bc7 31. h3 a5 32. Bc3 Rg8 33. Re1 g5 34. Ne5+ Bxe5 35. Bxe5 Re8 36. Rd1+ Ke6 37. Bc3 b6 38. Re1+ Kd7 39. Rxe8 Kxe8 40. Kc1 1-0

[Event "AUT-ch U16 Girls"]
[Site "Woerth"]
[Date "2014.04.15"]
[Round "4"]
[White "Pilsan, Martha"]
[Black "Zhbanova, Angelina"]
[Result "0-1"]
[WhiteElo "1486"]
[BlackElo "1423"]
[PlyCount "56"]
[EventDate "2014.04.13"]
[EventType "swiss"]
[EventRounds "7"]
[EventCountry "AUT"]
[SourceTitle "EXT 2015"]
[Source "ChessBase"]
[SourceDate "2014.11.20"]
[SourceVersion "1"]
[SourceVersionDate "2014.11.20"]
[SourceQuality "1"]

1. e4 c5 2. Nf3 Nc6 3. Nc3 g6 4. d4 cxd4 5. Nxd4 Bg7 6. Be3 Nf6 7. f3 Qb6 8. Qd2 Nxe4 9. Nxc6 Qxb2 10. Nxe4 Qxa1+ 11. Kf2 dxc6 12. c3 Be6 13. Kg3 Rd8 14. Qc2 Rd1 15. Qe2 0-0 16. c4 Rb1 17. Bc5 Re1 18. Qd3 Qe5+ 19. Kf2 Rxe4 20. fxe4 Qxc5+ 21. Kf3 Qh5+ 22. Kf2 c5 23. h3 Bd4+ 24. Ke1 Qg5 25. Kd1 Qe3 26. Qe2 Rd8 27. Qd2 Qxe4 28. Be2 Qb1+ 0-1

[Event "AUT-ch U16 Girls"]
[Site "Woerth"]
[Date "2014.04.15"]
[Round "5"]
[White "Zhbanova, Angelina"]
[Black "Lymysalo, Venla"]
[Result "0-1"]
[WhiteElo "1423"]
[BlackElo "1592"]
[PlyCount "90"]
[EventDate "2014.04.13"]
[EventType "swiss"]
[EventRounds "7"]
[EventCountry "AUT"]
[SourceTitle "EXT 2015"]
[Source "ChessBase"]
[SourceDate "2014.11.20"]
[SourceVersion "1"]
[SourceVersionDate "2014.11.20"]
[SourceQuality "1"]

1. e4 c5 2. Nf3 e6 3. d4 cxd4 4. Nxd4 Nf6 5. Nc3 Qb6 6. Be2 Bc5 7. Na4 Qa5+ 8. c3 Bxd4 9. Qxd4 Nc6 10. Qc4 a6 11. b4 Qxa4 12. f3 Qb5 13. Qb3 Qb6 14. Bd2 0-0 15. c4 Nd4 16. Qd3 Nxe2 17. Qxe2 d5 18. e5 Nd7 19. cxd5 exd5 20. f4 Qg6 21. Rf1 Qe4 22. Qxe4 dxe4 23. g4 Nb6 24. f5 Nc4 25. Bc3 Ne3 26. Rf2 Nxg4 27. Rg2 Ne3 28. Re2 Nxf5 29. Rxe4 Re8 30. Kf2 Be6 31. a4 Rac8 32. Bd2 Rc2 33. Ke1 Rd8 34. Bg5 Rdc8 35. b5 Rxh2 36. Ra3 axb5 37. axb5 h6 38. Bf4 Rb2 39. Rea4 Rxb5 40. Ra8 Rxa8 41. Rxa8+ Kh7 42. Kf2 Nh4 43. Ke3 Ng6 44. Ke4 Rb4+ 45. Ke3 Rxf4 0-1

[Event "AUT-ch U10 Girls"]
[Site "Linz"]
[Date "2013.06.01"]
[Round "6"]
[White "Zhbanova, Angelina"]
[Black "Enache, Iris"]
[Result "0-1"]
[WhiteElo "1371"]
[BlackElo "1230"]
[PlyCount "48"]
[EventDate "2013.05.31"]
[EventType "swiss"]
[EventRounds "7"]
[EventCountry "AUT"]
[SourceTitle "EXT 2015"]
[Source "ChessBase"]
[SourceDate "2014.11.20"]
[SourceVersion "1"]
[SourceVersionDate "2014.11.20"]
[SourceQuality "1"]

1. e4 e5 2. Nf3 Nf6 3. Nxe5 d6 4. Nf3 Nxe4 5. d4 Be7 6. Bd3 d5 7. Nbd2 Nxd2 8. Bxd2 Bg4 9. 0-0 Nc6 10. Be3 Qd7 11. Be2 0-0-0 12. Ng5 Bxe2 13. Qxe2 Bxg5 14. Bxg5 f6 15. Be3 g5 16. a3 h5 17. a4 h4 18. h3 Rdg8 19. Ra3 g4 20. hxg4 Rxg4 21. Kh2 h3 22. gxh3 Rg2+ 23. Kxg2 Qxh3+ 24. Kg1 Qh1# 0-1

[Event "AUT-ch U10 Girls"]
[Site "Linz"]
[Date "2013.05.31"]
[Round "2"]
[White "Zhbanova, Angelina"]
[Black "Nussbaumer, Alexa"]
[Result "1-0"]
[WhiteElo "1371"]
[BlackElo "1227"]
[PlyCount "35"]
[EventDate "2013.05.31"]
[EventType "swiss"]
[EventRounds "7"]
[EventCountry "AUT"]
[SourceTitle "EXT 2015"]
[Source "ChessBase"]
[SourceDate "2014.11.20"]
[SourceVersion "1"]
[SourceVersionDate "2014.11.20"]
[SourceQuality "1"]

1. e4 e5 2. Nf3 Nc6 3. Bc4 Bc5 4. 0-0 Nf6 5. d4 Nxd4 6. Nxe5 d5 7. exd5 Nxd5 8. c3 Ne6 9. Qxd5 Qxd5 10. Bxd5 0-0 11. b4 Bd6 12. Nc4 c6 13. Bxe6 Bxe6 14. Nxd6 Rab8 15. Bf4 Rbc8 16. Nxc8 Rxc8 17. Nd2 Bc4 18. Nxc4 1-0